000 01147nam a2200289 a 4500
001 000039015
005 20250513114214.0
008 130513s2012 dr r 000 0 spa d
020 _a9789945455809
040 _aDO-SdBNP
_bspa
_cBNPHU
082 _a375.006
_bV434p, 2012
100 1 _aVelázquez Rivera, Lizzette
_965259
245 1 3 _aLa problematización en el aprendizaje :
_btres estrategias para la creación de un currículo auténtico /
_cLizzette M. Velázquez Rivera & Frances V. Figarella García ; prólogo Jaime García Ramírez.
250 _a2a. ed.
260 _aSanto Domingo :
_bIsla Negra editores,
_c2012.
300 _a145 p. ;
_c22 cm.
500 _aIncluye datos biográficos de los autores en la solapa de la cubierta
504 _aBibliografía : p. 119-125
590 _aInventariado, 2018/BT
650 0 _aInnovaciones educativas
_917115
650 4 _aMétodos de enseñanza
_92196
650 4 _aCurrículo
_935953
650 4 _aEnseñanza objetiva
_965260
700 1 2 _aFigarella García, Frances V.
_965261
700 1 2 _aGarcía Ramírez, Jaime
_epról.
_965262
910 _aValidado. Control de calidad. MFF
999 _c38505
_d38505